UBT Library

Nursing in todays world: (Record no. 2181)

000 -LEADER
fixed length control field 00341nam a22001337a 4500
008 - FIXED-LENGTH DATA ELEMENTS--GENERAL INFORMATION
fixed length control field 160518b xxu||||| |||| 00| 0 eng d
020 ## - INTERNATIONAL STANDARD BOOK NUMBER
International Standard Book Number 9780781765251
020 ## - INTERNATIONAL STANDARD BOOK NUMBER
International Standard Book Number 9780781765251
020 ## - INTERNATIONAL STANDARD BOOK NUMBER
International Standard Book Number 0781765250
041 ## - LANGUAGE CODE
Language code of text/sound track or separate title eng
080 ## - UNIVERSAL DECIMAL CLASSIFICATION NUMBER
Universal Decimal Classification number 618.2
245 ## - TITLE STATEMENT
Title Nursing in todays world:
Statement of responsibility, etc Janice Rider Ellis; Celia Love Hartley;
942 ## - ADDED ENTRY ELEMENTS (KOHA)
Source of classification or shelving scheme
Item type Books
Holdings
Withdrawn status Lost status Source of classification or shelving scheme Damaged status Not for loan Collection code Permanent location Current location Shelving location Date acquired Total Checkouts Full call number Barcode Date last seen Price effective from Koha item type
          Koleksioni i përgjithshem UBT - Lipjan UBT - Lipjan Koleksioni i përgjithshem 05/20/2016   618.2 ELLI 002-035591 04/04/2017 05/20/2016 Books
          Koleksioni i përgjithshem UBT - Lipjan UBT - Lipjan Koleksioni i përgjithshem 06/13/2016   618.2 ELLI 002-028463 06/13/2016 06/13/2016 Books
          Koleksioni i përgjithshem UBT - Lipjan UBT - Lipjan Koleksioni i përgjithshem 01/10/2017   618.2 ELL 002-029553 01/10/2017 01/10/2017 Books
UBT Library © 2015-2024. All rights reserved University Education for Business and Technology